000 00612nam a2200241Ia 4500
003 OSt
005 20221007074823.0
006 a|||||r|||| 00| 0
007 ta
008 221006b |||||||| |||| 00| 0 eng d
024 _a1,680
037 _cTextual
040 _aFLL
_cFLL
_beng
041 _2eng
_aeng
082 _aZ1, M9
100 _aStarke J. G.
245 0 _aInternational law
250 _a10th
260 _aNew Delhi
_bAditya Books Private Limited India
_c1994
650 _aInternational public law
942 _hZ1, M9
_cTEXL
_2CC
999 _c1153792
_d1153792